Регионална библиотека "Любен Каравелов" - Русе

Наръчник по лечебно хранене (Запис номер 181946)

MARC детайли
000 -Лидер
Контролно поле с фиксирана дължина 01577nam a2200337 c 4500
003 - Код на организацията, давaща контролен номер
Контролно поле BLK
005 - Дата и час на последна редакция
Контролно поле 20180422115207.0
008 - Елементи от данни с фиксирана дължина
fixed length control field 180411b bul|||||r ||||||| ||bul||
010 ## - Наследен системен номер
LC control number KNG00190863000
040 ## - Източник на каталожния запис
Идентификатор на билиотеката - собственик на записа BLK
041 ## - Код за език
Код за езика на текст/звукозапис или на отделно заглавие Български
Код за езика КДБФ Български
080 ## - УДК
Текстов определител УДК Недохранване. Прехранване - Постене, диета, хранителен режим за отслабване, режим за напълняване. Вж и 615.874
УДК код - определител по УДК 613.24/.25
УДК определител (035)
УДК - код + определител 613.24/.25(035)
100 1# - Редна дума - Автор
Автор Грънчаров, Веселин Пенчев
Авторска отговорност първи автор
R(LIN) 378159
139 ## - Редно поле
Редна дума Грънчаров, Веселин Пенчев и др.
Авторски знак Грън - Г 89
245 10 - Сведения за заглавието
Заглавие Наръчник по лечебно хранене
Редно поле (дума) Веселин Пенчев Грънчаров; съавт. Домна Хубанова.
250 ## - Област на изданието
Сведения за изданието 2. осн. прераб. и доп. изд.
257 ## - Страна на издаване
Страна на създаване/издаване България
260 ## - Област на издателските данни
-- София
Име на издателя, разпространителя и проч. Медицина и физкултура
Година на издаване 1981
300 ## - Физическа характеристика
Страници 208 с.
Размери/Мащаб 18 см
380 ## - Жанр
Жанр Медицина
500 ## - Общи забележки
Забележка 1. изд. 1966 със загл. Кратък пътеводител по диетично хранене. - 20 110 тир.
650 #4 - Допълнително описание по предмет – тема
Основно описание – тема или топоним Лечебно хранене - наръчници и ръководства
9 (RLIN) 243265
653 ## - Ключова дума – ненормативна
Ключова дума лечебно хранене
653 ## - Ключова дума – ненормативна
Ключова дума наръчници
700 1# - Други автори (авторска отговорност)
Лично име Хубанова, Домна
Автороска отговорност (Описва отношението между автора и произведението) съавт.
9 (RLIN) 342776
852 ## - Местоположение
Форматна сигнатура Цб І 18682
856 4# - Електронен адрес и достъп
Електронен формат pdf - файл
Път до файла /url/
856 4# - Електронен адрес и достъп
Електронен формат pdf - файл
Път до файла /url/
942 ## - АРТИКУЛИ
Вид на библиотечния материал Книги
Скрит в OPAC Не
944 ## - СЪЗДАВАНЕ И РЕДАКЦИЯ на ЗАПИСА
Създаване/Редакция Създаване
Дата на регистрацията/редакция 20.09.2016
Служител, извършил регистрацията/редакцията Правда_Бадева
944 ## - СЪЗДАВАНЕ И РЕДАКЦИЯ на ЗАПИСА
Създаване/Редакция Редакция
Дата на регистрацията/редакция 20.09.2016
Служител, извършил регистрацията/редакцията Правда_Бадева
999 ## - СИСТЕМНИ КОНТРОЛНИ НОМЕРА
Koha biblionumber 181946
Koha biblioitemnumber 181946
Наличности
Код за отписване Код за изгубен артикул Източник на класификационната схема Код за повреда Коз за рестрикции Код за отдаване Артикулен № Име на библиотеката - собственик Име на библиотеката, в която се намира в момента Статус (Текущо местоположение) Дата на вписване в системата Местоположение - отдел Цена в лева Инвентарен номер Систематично азбучна сигнатура Баркод Номер на екземпляра Цена в евро Служебна бележка Служебен тип на артикула
  Не е изгубен Universal Decimal Classification Не е повреден само за читалня ползва се в читалня 311803 Регионална библиотека "Любен Каравелов" Русе Регионална библиотека "Любен Каравелов" Русе Хранилище 1981-01-01 Хранилище 1.24 322309 Цб І 18682 120000322309 1 0.63 N: стар фонд Дата: 01.01.1981 Книги
Изтеглен Не е изгубен Universal Decimal Classification Не е повреден без рестрикции заемане за дома 311804 Регионална библиотека "Любен Каравелов" Русе Регионална библиотека "Любен Каравелов" Русе Заемна - подръчен фонд 1981-01-01 Заемна - подръчен фонд 1.24 322620 П 613.2/Г 89 322620 2 0.63 N: стар фонд Дата: 01.01.1981 Книги
Изтеглен Не е изгубен Universal Decimal Classification Не е повреден без рестрикции заемане за дома 311805 Регионална библиотека "Любен Каравелов" Русе Регионална библиотека "Любен Каравелов" Русе Заемна - подръчен фонд 1981-01-01 Заемна - подръчен фонд 1.24 322621 П 613.2/Г 89 322621 3 0.63 N: стар фонд Дата: 01.01.1981 Книги
Изтеглен Не е изгубен Universal Decimal Classification Не е повреден без рестрикции заемане за дома 311806 Регионална библиотека "Любен Каравелов" Русе Регионална библиотека "Любен Каравелов" Русе Заемна - подръчен фонд 1981-01-01 Заемна - подръчен фонд 1.24 322622 П 613.2/Г 89 322622 4 0.63 N: стар фонд Дата: 01.01.1981 Книги
Изтеглен Не е изгубен Universal Decimal Classification Не е повреден без рестрикции заемане за дома 311807 Регионална библиотека "Любен Каравелов" Русе Регионална библиотека "Любен Каравелов" Русе Заемна - подръчен фонд 1981-01-01 Заемна - подръчен фонд 1.24 322623 П 613.2/Г 89 322623 5 0.63 N: стар фонд Дата: 01.01.1981 Книги
Vip Innovations Ltd, Rousse, Bulgaria 2025